عرض عادي عرض مارك
  • منظمة التحرير الفلسطينية

دخول Corporate Name

عدد التسجيلات المستخدمة: 1

001 - CONTROL NUMBER

  • control field: 29350

003 - CONTROL NUMBER IDENTIFIER

  • control field: AE-AdECS

005 - DATE AND TIME OF LATEST TRANSACTION

  • control field: 20260428101001.0

008 - FIXED-LENGTH DATA ELEMENTS

  • fixed length control field: 260428|| aca||aabn | a|a d

040 ## - CATALOGING SOURCE

  • Original cataloging agency: AE-AdECS
  • Transcribing agency: AE-AdECS

110 ## - HEADING--CORPORATE NAME

  • Corporate name or jurisdiction name as entry element: منظمة التحرير الفلسطينية

670 ## - SOURCE DATA FOUND

  • Source citation: Work cat.: (AE-AdECS)294932: من النهر إلى البحر :

أبوظبي، الإمارات العربية المتحدة

reference@ecssr.ae

97124044780 +

حقوق النشر © 2026 مركز الإمارات للدراسات والبحوث الاستراتيجية جميع الحقوق محفوظة